Nalaganje...

Taittiriyopanishad/

Bibliografske podrobnosti
Drugi avtorji: Mridananda (comm.)
Format: Printed Book
Izdano: Trichur: Sri Ramakrishna Math, 1994.
Izdaja:5th ed.
Teme:
LEADER 00514nam a22001451a 4500
082 |a M 294.592 18  |b MRI/T 
245 |a Taittiriyopanishad/  |c by Mridananda (comm.) 
250 |a 5th ed. 
260 |a Trichur:  |b Sri Ramakrishna Math,  |c 1994. 
300 |a 120p. 
650 |a Upanishad Taithireeya  |9 107398 
700 |a Mridananda (comm.)  |9 107399 
942 |c BK 
999 |c 45883  |d 45883 
952 |0 0  |1 0  |4 0  |6 M_294_592000000000000_18_N94  |7 0  |9 66244  |a SSUS  |b SSUS  |d 2015-01-08  |g 12.00  |o M 294.592 18 N94  |p 001432  |r 2015-01-08  |v 0.00  |w 2015-01-08  |y BK